The Stasi at home and abroad: domestic order and foreign intelligence
| Contributors: | |
|---|---|
| Format: | Print Book |
| Language: | English |
| Published: |
Washington, DC
GHI, German Historical Inst.
[2014]
|
| In: |
Bulletin of the German Historical Institute (9)
Year: 2014 |
| Online Access: |
Table of Contents Table of Contents Volltext |
| Availability in Tübingen: | Present in Tübingen. UB: KB 9 E 2567 |
| Check availability: | HBZ Gateway |
| Subito Delivery Service: | Order now. |
| Keywords: |
MARC
| LEADER | 00000cam a2200000 c 4500 | ||
|---|---|---|---|
| 001 | 1611072239 | ||
| 003 | DE-627 | ||
| 005 | 20260206203959.0 | ||
| 007 | tu | ||
| 008 | 140903s2014 xxu||||| 00| ||eng c | ||
| 015 | |a 15,A24 |2 dnb | ||
| 016 | 7 | |a 1058692771 |2 DE-101 | |
| 020 | |c : kart. | ||
| 035 | |a (DE-627)1611072239 | ||
| 035 | |a (DE-603)347789099 | ||
| 035 | |a (DE-576)414746864 | ||
| 035 | |a (DE-599)GBV795575130 | ||
| 035 | |a (OCoLC)931649806 | ||
| 035 | |a (OCoLC)891575443 | ||
| 035 | |a (OCoLC)891080829 | ||
| 040 | |a DE-627 |b ger |c DE-627 |e rda | ||
| 041 | |a eng | ||
| 044 | |c XD-US | ||
| 082 | 0 | |a 327.12431 |2 22/ger | |
| 082 | 0 | |a 909 |q BSZ | |
| 082 | 0 | 4 | |a 320 |a 943 |q DNB |
| 084 | |a 7,41 |a 8,1 |2 ssgn | ||
| 084 | |a 2,1 |2 ssgn | ||
| 084 | |a MG 81950 |q BVB |2 rvk |0 (DE-625)rvk/122864:12227 | ||
| 084 | |a NQ 6970 |q BVB |2 rvk |0 (DE-625)rvk/128855: | ||
| 084 | |a NQ 7010 |2 rvk |0 (DE-625)rvk/128857: | ||
| 084 | |a 15.43 |2 bkl | ||
| 084 | |a 89.86 |2 bkl | ||
| 084 | |a 15.38 |2 bkl | ||
| 245 | 0 | 4 | |a The Stasi at home and abroad |b domestic order and foreign intelligence |c edited by Uwe Spiekermann |
| 264 | 1 | |a Washington, DC |b GHI, German Historical Inst. |c [2014] | |
| 264 | 4 | |c © 2014 | |
| 300 | |a 192 Seiten |c 25 cm | ||
| 336 | |a Text |b txt |2 rdacontent | ||
| 337 | |a ohne Hilfsmittel zu benutzen |b n |2 rdamedia | ||
| 338 | |a Band |b nc |2 rdacarrier | ||
| 490 | 1 | |a Bulletin of the German Historical Institute |a Supplement |v 9 | |
| 500 | |a Enthält Literaturangaben | ||
| 583 | 1 | |a Archivierung/Langzeitarchivierung gewährleistet |f SLG |x XA-DE-BW |z BfZ |2 pdager |5 DE-24 | |
| 583 | 1 | |a Archivierung/Langzeitarchivierung gewährleistet |f SSG |x XA-DE-BW |2 pdager |5 DE-21 | |
| 610 | 2 | 7 | |0 (DE-588)4284385-6 |0 (DE-627)10421693X |0 (DE-576)210790644 |a Deutschland |g DDR |b Ministerium für Staatssicherheit |b Hauptverwaltung |g A |2 gnd |
| 610 | 2 | 7 | |0 (DE-588)2065138-7 |0 (DE-627)103545409 |0 (DE-576)192104578 |a Deutschland |g DDR |b Ministerium für Staatssicherheit |2 gnd |
| 648 | 7 | |a Geschichte |2 gnd | |
| 648 | 4 | |a Geschichte | |
| 650 | 4 | |a Deutsches Historisches Institut Washington DC | |
| 650 | 4 | |a Kongreß |7 (dpeaa)DE-2491 | |
| 650 | 4 | |a Deutschland <DDR> |7 (dpeaa)DE-2491 | |
| 650 | 4 | |a Ministerium für Staatssicherheit / Hauptverwaltung <A> |7 (dpeaa)DE-2491 | |
| 650 | 4 | |a Auslandsgeheimdienst |7 (dpeaa)DE-2491 | |
| 650 | 4 | |a Spionage |7 (dpeaa)DE-2491 | |
| 655 | 4 | |a Aufsatzsammlung | |
| 655 | 7 | |a Konferenzschrift |y 2011 |z Washington, DC |0 (DE-588)1071861417 |0 (DE-627)826484824 |0 (DE-576)433375485 |2 gnd-content | |
| 655 | 7 | |a Aufsatzsammlung |0 (DE-588)4143413-4 |0 (DE-627)105605727 |0 (DE-576)209726091 |2 gnd-content | |
| 655 | 7 | |a Konferenzschrift |y 2010 |z Washington, DC |0 (DE-588)1071861417 |0 (DE-627)826484824 |0 (DE-576)433375485 |2 gnd-content | |
| 689 | 0 | 0 | |d b |0 (DE-588)4284385-6 |0 (DE-627)10421693X |0 (DE-576)210790644 |a Deutschland |g DDR |b Ministerium für Staatssicherheit |b Hauptverwaltung |g A |2 gnd |
| 689 | 0 | 1 | |a z |2 gnd |a Geschichte |
| 689 | 0 | |5 DE-101 | |
| 689 | 1 | 0 | |d b |0 (DE-588)104759188X |0 (DE-627)778643158 |0 (DE-576)401383970 |a Deutschland |g DDR |b Ministerium für Staatssicherheit |b Kreisdienststelle Luckenwalde |2 gnd |
| 689 | 1 | 1 | |a z |2 gnd |a Geschichte |
| 689 | 1 | |5 (DE-627) | |
| 700 | 1 | |a Spiekermann, Uwe |d 1963- |e HerausgeberIn |0 (DE-588)121021858 |0 (DE-627)081035810 |0 (DE-576)172216680 |4 edt | |
| 810 | 2 | |a Deutsches Historisches Institut Washington DC |t Bulletin of the German Historical Institute |p Supplement |v 9 |9 9 |w (DE-627)385557086 |w (DE-576)110909364 |w (DE-600)2142841-4 |x 1048-9134 |7 am | |
| 856 | 4 | 1 | |u http://www.ghi-dc.org/index.php?option=com_content&view=article&id=1481&Itemid=1285 |3 Volltext |7 1 |
| 856 | 4 | 2 | |u https://swbplus.bsz-bw.de/bsz414746864inh.htm |m B:DE-576;DE-21 |q application/pdf |v 20141211120901 |x Verlag |3 Inhaltsverzeichnis |7 1 |
| 856 | 4 | 2 | |u http://scans.hebis.de/HEBCGI/show.pl?34778909_toc.pdf |m V:DE-576;B:DE-21 |q application/pdf |3 Inhaltsverzeichnis |7 1 |
| 889 | |w (DE-627)795575130 | ||
| 935 | |i mdedup | ||
| 936 | r | v | |a MG 81950 |b Sicherheit (Polizei, Geheimdienste, Verfassungsschutz) |k Politologie |k Politische Systeme einzelner Länder |k Europa, Nordamerika |k Osteuropa (ehem. Ostblock) |k DDR (bis 1990) |k Einzelne politische Sachgebiete |k Sicherheit (Polizei, Geheimdienste, Verfassungsschutz) |0 (DE-627)1271025604 |0 (DE-625)rvk/122864:12227 |0 (DE-576)201025604 |
| 936 | r | v | |a NQ 6970 |b Einzelbeiträge |k Geschichte |k Geschichte seit 1918 |k Deutsche Geschichte seit 1945 |k Deutsche Demokratische Republik (DDR) (1949 - 1990) |k Einzelbeiträge |0 (DE-627)1270875620 |0 (DE-625)rvk/128855: |0 (DE-576)200875620 |
| 936 | r | v | |a NQ 7010 |b Innere Geschichte |k Geschichte |k Geschichte seit 1918 |k Deutsche Geschichte seit 1945 |k Deutsche Demokratische Republik (DDR) (1949 - 1990) |k Innere Geschichte |0 (DE-627)1270811088 |0 (DE-625)rvk/128857: |0 (DE-576)200811088 |
| 936 | b | k | |a 15.43 |j Deutsche Geschichte des 19. Jahrhunderts bis zur Gegenwart |0 (DE-627)181569701 |
| 936 | b | k | |a 89.86 |j Nachrichtendienste |j militärische Nachrichtendienste |0 (DE-627)106413619 |
| 936 | b | k | |a 15.38 |j Europäische Geschichte nach 1945 |q coli-conc RVK->BK |q https://coli-conc.gbv.de/api/mappings/ca5e71c2-ea45-4983-9498-0aae53095f57 |0 (DE-627)181569671 |
| 936 | s | n | |a n100 |2 mzub |
| 936 | s | n | |a m100 |2 mzub |
| 951 | |a BO | ||
| ELC | |b 1 | ||
| LOK | |0 000 xxxxxcx a22 zn 4500 | ||
| LOK | |0 001 3156859044 | ||
| LOK | |0 003 DE-627 | ||
| LOK | |0 004 1611072239 | ||
| LOK | |0 005 20141126150509 | ||
| LOK | |0 008 141113||||||||||||||||ger||||||| | ||
| LOK | |0 040 |a DE-21 |c DE-627 |d DE-21 | ||
| LOK | |0 852 |a DE-21 | ||
| LOK | |0 852 1 |c KB 9 E 2567 |9 00 | ||
| LOK | |0 935 |a krim | ||
| LOK | |0 939 |a 13-11-14 |b l01 | ||
| LOK | |0 000 xxxxxcx a22 zn 4500 | ||
| LOK | |0 001 3156859133 | ||
| LOK | |0 003 DE-627 | ||
| LOK | |0 004 1611072239 | ||
| LOK | |0 005 20141009162938 | ||
| LOK | |0 008 141009||||||||||||||||ger||||||| | ||
| LOK | |0 040 |a DE-21-106 |c DE-627 |d DE-21-106 | ||
| LOK | |0 541 |e 284/2014 | ||
| LOK | |0 852 |a DE-21-106 | ||
| LOK | |0 852 1 |c N III Spi U |m p |9 00 | ||
| LOK | |0 938 |a 1410 | ||
| LOK | |0 938 |k p | ||
| LOK | |0 939 |a 09-10-14 |b l01 | ||
| ORI | |a SA-MARC-krimdoka001.raw | ||
| SIG | |a UB: KB 9 E 2567 | ||
| TIM | |a 100019560101_100019901231 |b 1956 - 1990 | ||
